[Event "Hoorn Romero op"]
[Site "Hoorn"]
[Date "2024.08.31"]
[Round "3"]
[White "Brouwer, Mason"]
[Black "Bekkink, Sereyo"]
[Result "1-0"]
[WhiteElo "2053"]
[BlackElo "2030"]
[PlyCount "83"]
[EventDate "2024.08.30"]
[EventType "swiss"]
[EventRounds "6"]
[EventCountry "NED"]
[SourceTitle "EXT 2025"]
[Source "ChessBase"]
[SourceDate "2024.10.14"]
[SourceVersion "1"]
[SourceVersionDate "2024.10.14"]
[SourceQuality "1"]

1. e4 e5 2. Nf3 Nc6 3. g3 Bc5 4. Bg2 d6 5. c3 Nf6 6. d3 0-0 7. b4 Bb6 8. a4 a5 9. b5 Nb8 10. 0-0 Be6 11. Nbd2 Qc8 12. Ba3 Bh3 13. d4 Bxg2 14. Kxg2 Rd8 15. Qc2 Qe6 16. h3 Nh5 17. Rfe1 Nd7 18. Qb3 Qh6 19. Nc4 Nf8 20. Nxb6 cxb6 21. dxe5 dxe5 22. Bxf8 Kxf8 23. Nxe5 Qf6 24. Ng4 Qg5 25. Rad1 Nf6 26. Nxf6 Qxf6 27. Rxd8+ Qxd8 28. Rd1 Qe7 29. Rd4 Rc8 30. Qd1 g6 31. Qf3 Rc7 32. Qe3 Kg7 33. h4 Qa3 34. h5 Qxc3 35. h6+ Kf8 36. Rd8+ Ke7 37. Qg5+ f6 38. Qd5 Qe5 39. Qg8 Qxe4+ 40. Kh2 f5 41. Qf8+ Ke6 42. Qd6+ 1-0

[Event "Vlissingen HZ op 26th"]
[Site "Vlissingen"]
[Date "2024.08.04"]
[Round "2"]
[White "Brouwer, Mason"]
[Black "Karacsonyi, Gellert"]
[Result "0-1"]
[WhiteElo "2053"]
[BlackElo "2395"]
[PlyCount "128"]
[EventDate "2024.08.03"]
[EventType "swiss"]
[EventRounds "9"]
[EventCountry "NED"]
[SourceTitle "CBM 221 Extra"]
[Source "ChessBase"]
[SourceDate "2024.09.30"]
[SourceVersion "1"]
[SourceVersionDate "2024.09.30"]
[SourceQuality "1"]

1. d4 e6 2. g3 Nf6 3. Bg2 d5 4. Nf3 Be7 5. 0-0 0-0 6. c4 c6 7. Nc3 a5 8. Nd2 b5 9. cxb5 cxb5 10. e4 Ba6 11. exd5 exd5 12. Re1 Nc6 13. Nf3 Bb4 14. Bg5 Bxc3 15. bxc3 h6 16. Bxf6 Qxf6 17. Ne5 Rfd8 18. Nxc6 Qxc6 19. Qf3 Ra7 20. Re5 Rc7 21. Rae1 Kf8 22. Qe3 Rcc8 23. Re7 Kg8 24. Qf3 Rf8 25. h4 Rcd8 26. R1e5 Bc8 27. Qh5 Qf6 28. Ra7 Be6 29. Rxa5 Rc8 30. Rxb5 Rxc3 31. Bxd5 Rc2 32. Qf3 Bxd5 33. Qe3 Bc4 34. Rf5 Qa6 35. Rbc5 Rxa2 36. d5 Ra1+ 37. Kh2 Ba2 38. Qf3 Qf1 39. Rc7 Qg1+ 40. Kh3 Qf1+ 41. Kg4 f6 42. Kh5 Rf7 43. Rc8+ Rf8 44. Rc7 Qe1 45. Qg4 Qe8+ 46. Qg6 Rf7 47. Rxf7 Qxf7 48. Qxf7+ Kxf7 49. Kg4 Rd1 50. Rf4 Bxd5 51. Rb4 Be6+ 52. Kf3 Rd3+ 53. Ke4 Rb3 54. Ra4 f5+ 55. Ke5 Rb5+ 56. Kf4 Kf6 57. Ra7 Rb3 58. h5 Bc8 59. Ra5 Rb4+ 60. Ke3 Re4+ 61. Kd3 Re7 62. f4 Bb7 63. Kd2 Bf3 64. Ra6+ Re6 0-1

[Event "Hoorn Romero op"]
[Site "Hoorn"]
[Date "2023.09.03"]
[Round "5"]
[White "Elgersma, Onno"]
[Black "Brouwer, Mason"]
[Result "1-0"]
[WhiteElo "2259"]
[BlackElo "2072"]
[PlyCount "65"]
[EventDate "2023.09.01"]
[EventType "swiss"]
[EventRounds "6"]
[EventCountry "NED"]
[SourceTitle "CBM 216 Extra"]
[Source "ChessBase"]
[SourceDate "2023.11.30"]
[SourceVersion "1"]
[SourceVersionDate "2023.11.30"]
[SourceQuality "1"]

1. e4 c6 2. d4 d5 3. e5 Bf5 4. Nd2 e6 5. Nb3 Nd7 6. Nf3 Ne7 7. Be2 Nc8 8. 0-0 Be7 9. a4 0-0 10. a5 a6 11. Ne1 Bg6 12. Bd3 Bxd3 13. Nxd3 Qc7 14. Qg4 Re8 15. h4 Bf8 16. h5 Ne7 17. Bd2 Nf5 18. Qh3 c5 19. dxc5 Nxc5 20. Nbxc5 Bxc5 21. c3 Bf8 22. Ra4 d4 23. c4 Qc6 24. Rfa1 Qe4 25. Re1 Ne3 26. Nb4 b5 27. axb6 a5 28. fxe3 axb4 29. Rxa8 Rxa8 30. exd4 Qxd4+ 31. Be3 Qxc4 32. Qf3 Rb8 33. Rf1 1-0

[Event "Hoorn Romero op"]
[Site "Hoorn"]
[Date "2023.09.02"]
[Round "2"]
[White "Duman, Murat"]
[Black "Brouwer, Mason"]
[Result "0-1"]
[WhiteElo "1895"]
[BlackElo "2072"]
[PlyCount "66"]
[EventDate "2023.09.01"]
[EventType "swiss"]
[EventRounds "6"]
[EventCountry "NED"]
[SourceTitle "CBM 216 Extra"]
[Source "ChessBase"]
[SourceDate "2023.11.30"]
[SourceVersion "1"]
[SourceVersionDate "2023.11.30"]
[SourceQuality "1"]

1. e4 c6 2. d4 d5 3. exd5 cxd5 4. Bd3 Nc6 5. c3 Qc7 6. Ne2 Bg4 7. f3 Bh5 8. Bf4 Qd7 9. Nd2 e6 10. Qc2 Rc8 11. Bxh7 Nf6 12. Bd3 Nb4 13. Qb1 Nxd3+ 14. Qxd3 Bg6 15. Qe3 Qb5 16. b3 Ba3 17. 0-0 Bb2 18. Rae1 Bd3 19. Nb1 a5 20. Qd2 Bxb1 21. Rxb1 Ba3 22. Qe3 Be7 23. Rfe1 0-0 24. Bg5 Rc7 25. Nf4 Rfc8 26. Rbc1 a4 27. b4 a3 28. Nd3 Rxc3 29. Rcd1 Ng4 30. fxg4 Bxg5 31. Qxg5 Rxd3 32. Rc1 Rf8 33. Rc7 Qxb4 0-1